Sociedad 1 : (Registro nro. 7918)

Detalles MARC
000 -LIDER
fixed length control field 01521nam a2200385 a 4500
001 - NÚMERO DE CONTROL
Identificador de número de control 00375
003 - IDENTIFICACDOR DE NÚMERO DE CONTROL
control field DO-SdBNP
005 - DATE AND TIME OF LATEST TRANSACTION
control field 20180309105449.0
007 - CAMPOS FIJOS DE DESCRIPCIÓN FÍSICA
fixed length control field 00375
008 - ELEMENTOS DE LONGITUD FIJA
fixed length control field 091118s2012 dr 2012 000 0 spa d
020 ## - ISBN
International Standard Book Number 9789945116380
040 ## - FUENTE DE CATALOGACIÓN
Agencia que crea de manera original el registro BPMSU
Idioma de catalogación spa
Agencia que realiza la transcripción BPMSU
092 ## - LOCALLY ASSIGNED DEWEY DECIMAL CALL NUMBER
Número de clasificación 372.83
Número de ítem (Cutter) C238s, 1ro. 2012
100 1# - ASIENTO PRINCIPAL -- NOMBRE PERSONAL
Nombre personal Capellán Almonte, Fanny
245 10 - MENCIÓN DE TITULO
Título Sociedad 1 :
Subtítulo educación básica /
Mención de responsabilidad Fanny Capellán Almonte ; dirección editorial Obdulia García de Escobar ; editora Margarita Castro Catrain
260 ## - PUBLICACIÓN, DISTRIBUCIÓN, ETC. (PIE DE IMPRENTA)
Lugar de publicación, distribución, etc Santo Domingo :
Nombre del editor, distribuidor, etc. Santillana,
Fecha de publicación, distribución, etc 2012.
300 ## - DESCRIPCIÓN FÍSICA
Extensión 111 p. :
Otros detalles físicos il., mapas., retrs. ;
Dimensiones 28 cm.
490 1# - MENCIÓN DE SERIES
Mención de serie Innova
505 ## - NOTA DE CONTENIDO
Título ¿Como somos? --
-- ¿Dónde vivo? --
-- ¿Donde aprendo? --
-- Mi comunidad --
-- El campo y la ciudad --
-- Mis necesidades --
-- El trabajo y la producción --
-- Mi país.
650 #4 - ENCABEZAMIENTO DE MATERIA--TEMÁTICO
Término temático o nombre geográfico como elemento de entrada CIENCIAS SOCIALES
Subdivisión temática general ENSEÑANZA BÁSICA
650 #4 - ENCABEZAMIENTO DE MATERIA--TEMÁTICO
Término temático o nombre geográfico como elemento de entrada CIENCIAS SOCIALES
Subdivisión temática general EDUCACIÓN PRIMARIA
650 #4 - ENCABEZAMIENTO DE MATERIA--TEMÁTICO
Término temático o nombre geográfico como elemento de entrada CIENCIAS SOCIALES
Subdivisión temática general LIBROS DE TEXTOS
650 #4 - ENCABEZAMIENTO DE MATERIA--TEMÁTICO
Término temático o nombre geográfico como elemento de entrada CIENCIAS SOCIALES
Subdivisión temática general ESTUDIOS Y EJERCICIOS
650 #4 - ENCABEZAMIENTO DE MATERIA--TEMÁTICO
Término temático o nombre geográfico como elemento de entrada EDUCACIÓN PRIMARIA
Subdivisión geográfica REPÚBLICA DOMINICANA
700 12 - ASIENTO SECUNDARIO -- NOMBRE PERSONAL
Nombre personal García de Escobar, Obdulia,
Mención de responsabilidad ed.
700 12 - ASIENTO SECUNDARIO -- NOMBRE PERSONAL
Nombre personal Castro Catrain, Margarita,
Mención de responsabilidad ed.
700 12 - ASIENTO SECUNDARIO -- NOMBRE PERSONAL
Nombre personal Garca Escobar, Obdulia,
830 #0 - ASIENTO SECUNDARIO DE SERIE--TÍTULO UNIFORME
Título uniforme Innova
910 ## - VALIDACIÓN
Validación Validado. Control de calidad MFF
942 ## - ADDED ENTRY ELEMENTS (KOHA)
Source of classification or shelving scheme Dewey Decimal Classification
Koha item type Libros
945 ## - INFORMACIÓN DE PROCESAMIENTO LOCAL
Información de procesamiento local Remanejado para BNPHU / 2018 BT
956 ## - LOCAL ELECTRONIC LOCATION AND ACCESS (OCLC)
Nombre de host YLOCKWARD
Número de acceso 10
Información de compresión 20150617
Inicio de sesión BND01
Procesador de solicitud 1122
956 ## - LOCAL ELECTRONIC LOCATION AND ACCESS (OCLC)
Nombre de host VMATEO
Número de acceso 10
Información de compresión 20150617
Inicio de sesión BMET02
Procesador de solicitud 00151
956 ## - LOCAL ELECTRONIC LOCATION AND ACCESS (OCLC)
Nombre de host BTAVÁREZ
Número de acceso 10
Información de compresión 20160513
Inicio de sesión 00375
Existencias
Withdrawn status Lost status Source of classification or shelving scheme Damaged status Not for loan Home library Current library Date acquired Total Checkouts Full call number Barcode Date last seen Price effective from Koha item type Collection code Copy number
    Dewey Decimal Classification     Biblioteca Pública Metropolitana Salomé Ureña Biblioteca Pública Metropolitana Salomé Ureña 06/17/2015   372.83 C238s 1ro. 2012 v.2 Guía BPMSU15060104 06/17/2015 06/17/2015 Libros    
    Dewey Decimal Classification     Biblioteca Pública Metropolitana Salomé Ureña Biblioteca Pública Metropolitana Salomé Ureña 06/17/2015   372.83 C238s 1ro. 2012 v.2 Guía BPMSU15060105 06/17/2015 06/17/2015 Libros Colección Dominicana ej. 2